[Event "BAN-chT2"]
[Site "Dhaka"]
[Date "2022.07.20"]
[Round "3.4"]
[White "Shawon, Chowdhury"]
[Black "Md Saiful, Alam"]
[Result "1-0"]
[WhiteElo "1812"]
[BlackElo "1403"]
[PlyCount "37"]
[EventDate "2022.07.18"]
[EventType "team-swiss"]
[EventRounds "9"]
[EventCountry "BAN"]
[SourceTitle "EXT 2023"]
[Source "ChessBase"]
[SourceDate "2022.10.05"]
[SourceVersion "1"]
[SourceVersionDate "2022.10.05"]
[SourceQuality "1"]
[WhiteTeam "Bangladesh Chess Arena"]
[BlackTeam "Dabar Troyi Agrojo Green"]
[WhiteTeamCountry "BAN"]
[BlackTeamCountry "BAN"]

1. e4 d6 2. d4 e6 3. Nf3 c6 4. c4 Be7 5. Bd3 Bf6 6. Nc3 Qc7 7. Qe2 Nd7 8. Bf4 e5 9. dxe5 dxe5 10. Bg3 Ne7 11. h3 Ng6 12. 0-0 0-0 13. Nh2 b6 14. Ng4 b5 15. Rfd1 Nc5 16. Bc2 a5 17. a3 a4 18. Ne3 Be6 19. Nf5 1-0

[Event "BAN-chT2"]
[Site "Dhaka"]
[Date "2017.10.27"]
[Round "6.4"]
[White "Shawon, Chowdhury"]
[Black "Nasir, SAM"]
[Result "0-1"]
[WhiteElo "1456"]
[BlackElo "2048"]
[PlyCount "56"]
[EventDate "2017.10.22"]
[EventType "team-swiss"]
[EventRounds "7"]
[EventCountry "BAN"]
[SourceTitle "CBM 181 Extra"]
[Source "ChessBase"]
[SourceDate "2017.12.12"]
[SourceVersion "1"]
[SourceVersionDate "2017.12.12"]
[SourceQuality "1"]
[WhiteTeam "Abdus Sattar Memorial"]
[BlackTeam "Dhaka Knights"]
[WhiteTeamCountry "BAN"]
[BlackTeamCountry "BAN"]

1. e4 d6 2. d4 g6 3. f4 Bg7 4. Nf3 Nf6 5. Bd3 0-0 6. 0-0 Nbd7 7. Nc3 c5 8. Be3 Ng4 9. Bc1 cxd4 10. Ne2 e5 11. h3 Ne3 12. Bxe3 dxe3 13. fxe5 dxe5 14. Nc3 Qb6 15. Qc1 Bh6 16. Kh1 e2 17. Qxh6 exf1Q+ 18. Rxf1 Qf6 19. Nd5 Qg7 20. Qe3 Nb6 21. Nc3 Be6 22. a4 f6 23. a5 Nc4 24. Qc5 Nxb2 25. Be2 Rac8 26. Qb4 Nc4 27. Nb5 Ne3 28. Qd6 Qd7 0-1